000 01408nam a22003857a 4500
003 CHAP
005 20220817040751.0
008 971010s1980 r 00010 d
010 _a10
011 _a982
035 _a38
040 _cCHAP
082 0 4 _a333.0972
_bL66
100 0 0 _aLópez López, José Eliseo.
_968041
245 1 0 _aClases y ejido colectivo en La Laguna
_c/por José Eliseo López López
260 _aChapingo, Méx. :
_bUACH. Departamento de Sociología Rural,
_c1980
300 _a111 p.
490 _aCuadernos de investigación
_v; 2
590 _aBATCH-UPD
_b10
_c20130110
_lUCH01
_h0040
590 _aBATCH-UPD
_b10
_c20130110
_lUCH01
_h0925
590 _aBATCH-UPD
_b10
_c20130409
_lUCH01
_h2025
590 _aBATCH-UPD
_b10
_c20130410
_lUCH01
_h0546
590 _aBATCH-UPD
_b10
_c20130914
_lUCH01
_h0946
590 _aCONVERSION
_b10
_c20130109
_lUCH01
_h1302
650 1 4 _aAgricultura cooperativa
_xComarca Lagunera.
_91961
650 1 4 _aClases sociales.
_923673
650 1 4 _aEjidos
_xComarca Lagunera.
_936012
710 0 _aUACH. Departamento de Sociología Rural.
830 0 _aCuadernos de investigación
_v; 2
_929789
901 _aBK
942 _cLIBRO
949 _a333.0972 L66
_bBC
_cLIBRO
_d33724000324208
_eLIBRO
_fc.2
_h61398
_i38
_si
949 _a333.0972 L66
_bBC
_cLIBRO
_d33724000324216
_eLIBRO
_fc.3
_h61925
_i38
_si
949 _a333.0972 L66
_bBC
_cUACH
_d-88835
_eUACH
_h58111
_i38
_si
999 _c10
_d10